000 00451cam a2200181 4500
001 D8127
008 090401t1979 xxu||||| |||| 00| 0 eng d
035 _a(Sirsi) u11307
041 _aeng
050 _a693.82
245 _aFire risks in high-rise buildings
260 _aGarston, Watford
_bBuilding Research Establishment
_c1979
300 _a18p. 30cm
350 _a0
490 _aBRE Current Paper
_v1/79
942 _n0
948 _c04/03/1997
999 _c86848
_d86848